| 000 | 00000nam 22000008a 4500 |
| 001 | 9.838516 |
| 003 | CaOODSP |
| 005 | 20221107151410 |
| 007 | cr ||||||||||| |
| 008 | 170802s1963 onck o| f000 0 eng d |
| 040 | |aCaOODSP|beng |
| 043 | |an-cn-nt |
| 086 | 1 |aR44-34/1963E-PDF |
| 110 | 1 |aCanada. |bIndigenous and Northern Affairs Canada. |
| 245 | 10|aVocational education section administrative handbook |h[electronic resource]. |
| 260 | |a[Ottawa] : |bEducation Division, Northern Administration Branch, Department of Northern Affairs and National Resources, |c1963. |
| 300 | |a[46] p. |
| 500 | |aTitle from cover page. |
| 500 | |aDigitized edition from print produced 2017 [by Indigenous and Northern Affairs Canada]. |
| 520 | |a"The purpose of this guide is to consolidate and set out clearly and concisely Departmental policies, authorities and administrative routines in vocational education matters."--p. [1]. |
| 692 | 07|2gccst|aVocational training |
| 692 | 07|2gccst|aHandbooks |
| 710 | 1 |aCanada. |bNorthern Administration Branch. |bVocational Education Section. |
| 710 | 1 |aCanada.|bDepartment of Northern Affairs and National Resources. |
| 794 | |tVocational education section administrative handbook |w(CaOODSP)9.838666 |
| 856 | 40|qPDF|s9.92 MB|uhttps://publications.gc.ca/collections/collection_2017/aanc-inac/R44-34-1963-eng.pdf |
| 986 | |a3-63-V-125-1 |